000 00308 a2200157 4500
001 175846
020 _a
040 _cMagnum
100 _aMarcondes, Lucila
240 1 0 _aO sangue
_lpor
245 1 0 _aO sangue
362 0 _a1899
440 1 _aÁtica
697 _aMAGNITO: PARADIDATICOS
942 _cBK
999 _c175846
_d175846